000 00415nam a2200181Ia 4500
001 13499
005 20260306164805.0
008 260306t2000||||xx |||||||||||||| ||spa||
041 _aESP
082 _a004.6
_bA37
100 _aAlcócer, Carlos
_eAUT
245 0 _aRedes de computadoras
260 _c2000
300 _a409 páginas :
_c24 cm.
650 _aGEN
654 _aCCC
942 _cLIB
_dJUS
_fJUS
_2ddc
_n
999 _c13499
_d13499